NFL Week 14 Fantasy Leaders 2024-2025 - Statistics

General Stats
  • This quiz has been taken 173 times
  • The average score is 10 of 20
Answer Stats
Position Points Player % Correct
QB 51.9 Josh Allen
98%
WR 45.1 Ja'Marr Chase
86%
WR 32.2 Justin Jefferson
73%
WR 41.8 Puka Nacua
67%
RB 24.3 Chase Brown
64%
QB 25.6 Joe Burrow
64%
WR 39.3 Jordan Addison
56%
RB 23.7 Kyren Williams
55%
WR 28.1 Tyreek Hill
55%
QB 23 Jared Goff
54%
QB 34.6 Sam Darnold
50%
QB 24.2 Jalen Hurts
46%
WR 25.9 Davante Adams
39%
RB 24.6 Josh Jacobs
38%
QB 23.5 Tua Tagovailoa
33%
RB 38.3 Zach Charbonnet
30%
RB 26.8 Isaac Guerendo
18%
WR 28 Jauan Jennings
17%
RB 24.9 Rachaad White
17%
WR 22.3 Tim Patrick
8%
No matching quizzes found
Score Distribution
Percent of People with Each Score
Percentile by Number Answered
Your Score History
You have not taken this quiz